000 01125nam0a2200349 4500
001 RU\NLR\BIBL_A\021990605
005 20260607044932.0
010 _a978-5-222-34792-8
_93000
021 _aRU
_bКН-П-23-040583
_9КН-П-23-4049
035 _a(NLR Aleph) 021990605
035 _a(RuMoRGB)011874509
090 _a12426307
_c12426307
100 _a20230728d2023 u y0rusy50 ca
101 0 _arus
102 _aRU
105 _ay z 000ay
181 0 _ai4
_baxxe
182 0 _an
200 1 _aРейна, королева судьбы
_eроман
_fАлекс Тарн
203 _aТекст
_bвизуальный
_cнепосредственный
210 _aРостов-на-Дону
_cФеникс
_d2023
215 _a299, [1] с.
_d22
225 1 _aСерия "Хорошая проза"
333 _a18+
675 _a821.161.1-31
_v4
686 2 _aШ6(2=Р)8-445
700 1 _8rus
_7ca
_aТарн
_bА.
_f1955-
_gАлекс
_3RU\NLR\AUTH\7724474
_97525
942 _cBOOK
980 _aNB